Ley orgánica del Consejo Nacional de Producción

Sparad:
Bibliografiska uppgifter
Institutionell upphovsman: Costa Rica. Asamblea Legislativa
Materialtyp: Text
Publicerad: San José :
Taggar: Lägg till en tagg
Inga taggar, Lägg till första taggen!

MARC

LEADER 00000 a a2200000 04500
001 15722
003
040 |a CRAI/IIS  |c CRAI/IIS 
090 |a 014500  
110 |a Costa Rica. Asamblea Legislativa  
245 |a Ley orgánica del Consejo Nacional de Producción  
260 |a San José :  
300 |a 14 p.  
999 |c 14053  |d 14053